000 00343nam a22001337a 4500
020 _qHB.
040 _cFIZZA ISHAQ
082 _a006.312
_bYAN
100 _aCEN,YONGHUA ZHAO YANCHANG.
_989472
245 _aDATA MINING APPLICATIONS WITH R /
_cYANCHANG ZHAO YONGHUA CEN.
260 _aLONDON ;
_c2014.
300 _a470 P. ;
942 _2ddc
_cBK
999 _c588199
_d588199